Fr. Conceicao Rodrigues College of Engineering

Mechanical Engineering Problems and solutions (Record no. 36015)

MARC details
000 -LEADER
fixed length control field 00362nam a22001457a 4500
003 - CONTROL NUMBER IDENTIFIER
control field OSt
005 - DATE AND TIME OF LATEST TRANSACTION
control field 20231212110134.0
008 - FIXED-LENGTH DATA ELEMENTS--GENERAL INFORMATION
fixed length control field 231212b |||||||| |||| 00| 0 eng d
020 ## - INTERNATIONAL STANDARD BOOK NUMBER
International Standard Book Number 576450082
040 ## - CATALOGING SOURCE
Transcribing agency
245 ## - TITLE STATEMENT
Title Mechanical Engineering Problems and solutions
Statement of responsibility, etc. Pefley,Richard K
250 ## - EDITION STATEMENT
Edition statement 6
260 ## - PUBLICATION, DISTRIBUTION, ETC.
Name of publisher, distributor, etc. Engineering Press
Date of publication, distribution, etc. 1997
942 ## - ADDED ENTRY ELEMENTS (KOHA)
Source of classification or shelving scheme Dewey Decimal Classification
Koha item type Reference Book
Suppress in OPAC No
Holdings
Withdrawn status Lost status Source of classification or shelving scheme Damaged status Not for loan Collection Home library Current library Date acquired Cost, normal purchase price Total Checkouts Full call number Barcode Date last seen Price effective from Koha item type
    Dewey Decimal Classification     MECHANICAL Fr. Agnel's C.Rodrigues College of Engineering Fr. Agnel's C.Rodrigues College of Engineering 12/12/2023 4017.00   621.01/PEF 26299 12/12/2023 12/12/2023 Reference Book